Motherlands of Firearms - Statistics

General Stats
  • This quiz has been taken 268 times
  • The average score is 9 of 15
Answer Stats
Arms Country of Origin % Correct
Colt Single Action Army United States
83%
Winchester Model 1886 United States
82%
Arisaka Type 99 Japan
78%
Mosin Nagant Russia
78%
Charleville Musket France
77%
Berretta 92 Italy
77%
SKS Soviet Union
71%
Glock 17c Austria
68%
FN FAL Belgium
63%
Nock Gun United Kingdom
46%
Dresye Needle Gun Prussia
45%
QCW-05 China
39%
Schmidt M1882 Switzerland
33%
PGM Hecate II France
29%
Ultimax 100 Singapore
21%
No matching quizzes found
Score Distribution
Percent of People with Each Score
Percentile by Number Answered
Your Score History
You have not taken this quiz